Survey of Painting in the Deccan (Record no. 10323)

MARC details
000 -LEADER
fixed length control field 00571nam a2200229 a 4500
020 ## - INTERNATIONAL STANDARD BOOK NUMBER
ISBN
082 00 - DEWEY DECIMAL CLASSIFICATION NUMBER
Classification number 750.0954
Author Cutter KRA
100 ## - MAIN ENTRY--AUTHOR NAME
Author name Kramrisch, Stella
245 ## - TITLE STATEMENT
Title Survey of Painting in the Deccan
260 ## - PUBLICATION, DISTRIBUTION, ETC. (IMPRINT)
Place of publication New Delhi
Name of publisher Oriental Books Reprint
Year of publication 1983
300 ## - PHYSICAL DESCRIPTION
Number of Pages 234p
500 ## - GENERAL NOTE
General note includes index and biblioraphy
650 ## - SUBJECT ADDED ENTRY--TOPICAL TERM
Topical Term Painting-India
942 ## - ADDED ENTRY ELEMENTS (KOHA)
Koha item type Books
700 1# -
-- Kramrisch, Stella
Holdings
Collection code Home library Current library Date acquired Cost, normal purchase price Full call number Accession Number Koha item type
  Henry Martyn Institute Library Henry Martyn Institute Library 08/29/2007 600.00 750.0954 KRA 018192 Books
                   Copyright © 2026 | Henry Martyn Institute | Hyderabad | TS-500052 | INDIA | Implemented by hmi.edu.in
Hit-Count:

Powered by Koha